000 01724cam a2200397 a 4500
001 1586533
003 BJBSDDR
005 20260409185446.0
006 a|||||r|||| 00| 0
007 ta
008 930603s1992 sp rb f000 0 spa
010 _a 93161244
020 _a8477872457
020 _a9788477872450
035 _a1586533
040 _aDLC
_cDLC
_bspa
041 _aspa
050 0 0 _aKZ7220
_b.F363o 1992
082 0 0 _a341.7/73
_220
100 1 _aFernández Sánchez, Pablo Antonio,
_d1955-
_940930
245 1 3 _aLa obligación internacional de cooperar en la lucha contra el terrorismo /
_cPablo Antonio Fernández Sánchez.
260 _aMadrid :
_bMinisterio de Justicia, Secretaría General Técnica, Centro de Publicaciones,
_c1992.
300 _a294 páginas ;
_c21 cm.
336 _atext
_btxt
_2rdacontent
337 _aunmediated
_bn
_2rdamedia
338 _avolume
_bnc
_2rdacarrier
500 _a"Anexo documental": p. 109-294.
504 _aIncludes bibliographical references (p. 101-105)
520 _aEl libro analiza cómo, según el Derecho Internacional, los Estados tienen el deber de colaborar entre sí para combatir el terrorismo. El autor sostiene que ningún país puede luchar solo contra el terrorismo; existe una obligación jurídica internacional de cooperación basada en tratados, resoluciones y prácticas internacionales.
650 0 _aTerrorism
_xPrevention
_xInternational cooperation.
906 _a7
_bcbc
_corignew
_d3
_encip
_f19
_gy-gencatlg
942 _2lcc
_n0
_cBK
946 _illh
999 _c126760
_d126760